Information for sustainable development: (Record no. 1433127)

MARC details
000 -LEADER
fixed length control field 00878nam a22002537a 4500
005 - DATE AND TIME OF LATEST TRANSACTION
control field 20250701105904.0
008 - FIXED-LENGTH DATA ELEMENTS--GENERAL INFORMATION
fixed length control field 250701b |||||||| |||| 00| 0 eng d
020 ## - INTERNATIONAL STANDARD BOOK NUMBER
International Standard Book Number 978-1-78330-666-4 (pbk)
037 ## - SOURCE OF ACQUISITION
Terms of availability TB
040 ## - CATALOGING SOURCE
Original cataloging agency CRL
Transcribing agency CRL
041 ## - LANGUAGE CODE
Source of code eng
Language code of text/sound track or separate title eng
084 ## - COLON CLASSIFICATION NUMBER
Classification number 2N7:(D65,8(B)) R4
Assigning agency CRL
100 ## - MAIN ENTRY--PERSONAL NAME
Personal name Chowdhury, G. G.
245 ## - TITLE STATEMENT
Title Information for sustainable development:
Remainder of title Technology, people and society
260 ## - PUBLICATION, DISTRIBUTION, ETC.
Place of publication, distribution, etc. London, UK:
Name of publisher, distributor, etc. Facet Publishing,
Date of publication, distribution, etc. 2024.
300 ## - PHYSICAL DESCRIPTION
Extent xxiv, 264p.
365 ## - TRADE PRICE
Price amount 60.00
Currency code UKP
650 ## - SUBJECT ADDED ENTRY--TOPICAL TERM
Topical term or geographic name entry element Library Science
650 ## - SUBJECT ADDED ENTRY--TOPICAL TERM
Topical term or geographic name entry element Information
9 (RLIN) 721657
650 ## - SUBJECT ADDED ENTRY--TOPICAL TERM
Topical term or geographic name entry element Computer
700 ## - ADDED ENTRY--PERSONAL NAME
Personal name Chowdhury, Sudatta
Relator term author.
942 ## - ADDED ENTRY ELEMENTS (KOHA)
Source of classification or shelving scheme Colon Classification (CC)
Koha item type Textbook
Classification part 2N7:(D65,8(B)) R4
Suppress in OPAC No
Holdings
Withdrawn status Lost status Source of classification or shelving scheme Damaged status Not for loan Home library Current library Date acquired Source of acquisition Cost, normal purchase price Inventory number Total Checkouts Full call number Barcode Date last seen Price effective from Koha item type
    Colon Classification (CC)     Central Library Central Library 2025-07-01 Efficient Book Distributors 60.00 9408 & 2025-03-05   2N7:(D65,8(B)) R4 CL1923385 2025-07-01 2025-07-01 Textbook
Copyright @ Delhi University Library System